Statistics for Name the Rush Album

Click here to take the quiz!

General Stats

  • This quiz has been taken 188 times
  • The average score is 12 of 15

Answer Stats

HintAnswer% Correct
Passage to Bangkok2112
97%
YYZMoving Pictures
96%
The TreesHemispheres
89%
In the endFly by night
88%
FreewillPermanent Waves
86%
Here againRush
86%
Analog KidSignals
84%
I think I am going baldCaress of steel
83%
Closer to the heartA Farewell to kings
82%
Manhattan projectPower Windows
77%
Available LightPresto
77%
DreamlineRoll the bones
76%
AnimateCounterparts
69%
DrivenTest for Echo
69%
Lock and KeyHold Your fire
67%

Score Distribution

Percentile by Number Answered

Percent of People with Each Score

Your Score History

You have not taken this quiz